| 000 | 00586cam a22002297a 4500 | ||
|---|---|---|---|
| 999 |
_c10184 _d10184 |
||
| 001 | 10184 | ||
| 003 | BD-JhCC | ||
| 005 | 20190509100629.0 | ||
| 008 | 180417s20071972mau 000 0 eng | ||
| 035 | _a(BD-JhCC)10184 | ||
| 040 |
_aDLC _cDLC _dDLC _dBD-JhCC |
||
| 041 | _aeng | ||
| 050 | 0 | 0 | _aYA 19271 |
| 082 |
_bMOS 2007 _a311.2 |
||
| 100 | 1 | _aMostafa, DR M. G. | |
| 245 | 1 | 4 |
_aThe methods of statistics / _cDR M. G. Mostafa |
| 260 |
_aDhaka : _bKarim Press & Publications, _c2007. |
||
| 300 |
_a407 p. : _c20 cm. |
||
| 650 | 0 | _aStatistics. | |
| 942 |
_2ddc _cBK |
||